[Event "BL2-West 1920"]
[Site "Germany"]
[Date "2020.01.19"]
[Round "5.4"]
[White "Jellinghaus, Lars"]
[Black "Schaefer, Markus"]
[Result "1/2-1/2"]
[WhiteElo "2228"]
[BlackElo "2375"]
[PlyCount "34"]
[EventDate "2019.09.19"]
[EventType "team-tourn"]
[EventRounds "9"]
[EventCountry "GER"]
[SourceTitle "EXT 2023"]
[Source "ChessBase"]
[SourceDate "2022.10.05"]
[SourceVersion "1"]
[SourceVersionDate "2022.10.05"]
[SourceQuality "1"]
[WhiteTeam "Bochum"]
[BlackTeam "Solingen II"]
[WhiteTeamCountry "GER"]
[BlackTeamCountry "GER"]

1. d4 d5 2. c4 c6 3. Nf3 Nf6 4. Nc3 e6 5. cxd5 cxd5 6. Bg5 Be7 7. e3 0-0 8. Bd3 Nc6 9. 0-0 Bd7 10. Rc1 Rc8 11. Qe2 h6 12. Bh4 Nh7 13. Bg3 f5 14. Ne5 Be8 15. Nxc6 Bxc6 16. Be5 Nf6 17. f4 a6 1/2-1/2

[Event "BL2-West 1819"]
[Site "Germany"]
[Date "2019.02.24"]
[Round "7.6"]
[White "Jellinghaus, Lars"]
[Black "Kotter, Ralf"]
[Result "1/2-1/2"]
[WhiteElo "2239"]
[BlackElo "2361"]
[PlyCount "143"]
[EventDate "2018.11.21"]
[EventType "team-tourn"]
[EventRounds "9"]
[EventCountry "GER"]
[SourceTitle "CBM 190 Extra"]
[Source "ChessBase"]
[SourceDate "2019.07.15"]
[SourceVersion "1"]
[SourceVersionDate "2019.07.15"]
[SourceQuality "1"]
[WhiteTeam "Bochum SV"]
[BlackTeam "Dortmund Hansa"]
[WhiteTeamCountry "GER"]
[BlackTeamCountry "GER"]

1. d4 Nf6 2. c4 e6 3. Nc3 Bb4 4. e3 b6 5. Nge2 c5 6. a3 Ba5 7. Rb1 Na6 8. Ng3 Bb7 9. d5 Bxc3+ 10. bxc3 h5 11. h4 Qc7 12. e4 Qe5 13. Qf3 exd5 14. cxd5 Nxd5 15. Bd3 c4 16. Bxc4 Qxc3+ 17. Qxc3 Nxc3 18. Rb3 Na4 19. Nf5 N6c5 20. Re3 Kf8 21. Nd6 Ke7 22. Nxb7 Nxb7 23. Bd5 Rac8 24. 0-0 Nbc5 25. Rg3 Rhg8 26. Bg5+ Kf8 27. Rc1 Re8 28. Rf3 Ne6 29. Bxe6 Rxe6 30. Rc8+ Re8 31. Rc7 Nc5 32. Bf4 Ke7 33. Be3 Rc8 34. Rxa7 Ra8 35. Rc7 Rgc8 36. Rxc8 Rxc8 37. Bd4 f6 38. e5 fxe5 39. Bxe5 Ne6 40. Rg3 Kf7 41. Rb3 Rc1+ 42. Kh2 Rc6 43. Kg1 Rc1+ 44. Kh2 Rc6 45. Rd3 Ke7 46. Rg3 Kf7 47. Rd3 Ke7 48. f3 d6 49. Bg3 g6 50. Bf2 Nc5 51. Rd5 Nd7 52. Bd4 Rc4 53. Bf2 Ra4 54. Rd3 Ke6 55. Kg1 Ne5 56. Rb3 Nc4 57. Bxb6 Nxa3 58. Bf2 Nc4 59. Rb8 Ne5 60. Bg3 Nf7 61. Rg8 Kf6 62. Rf8 d5 63. Rb8 Ra6 64. Bf2 Nh6 65. Rb6+ Rxb6 66. Bxb6 Nf5 67. g4 hxg4 68. fxg4 Nxh4 69. Bd8+ Ke5 70. Bxh4 Kf4 71. Kf2 Kxg4 72. Bf6 1/2-1/2

[Event "BL2-West 1819"]
[Site "Germany"]
[Date "2018.12.16"]
[Round "4.6"]
[White "Wornath, Kai Rudolf"]
[Black "Jellinghaus, Lars"]
[Result "0-1"]
[WhiteElo "2415"]
[BlackElo "2210"]
[PlyCount "100"]
[EventDate "2018.11.21"]
[EventType "team-tourn"]
[EventRounds "9"]
[EventCountry "GER"]
[SourceTitle "CBM 190 Extra"]
[Source "ChessBase"]
[SourceDate "2019.07.15"]
[SourceVersion "1"]
[SourceVersionDate "2019.07.15"]
[SourceQuality "1"]
[WhiteTeam "Mainz Schott"]
[BlackTeam "Bochum SV"]
[WhiteTeamCountry "GER"]
[BlackTeamCountry "GER"]

1. d4 e6 2. c4 d5 3. Nc3 Be7 4. Nf3 Nf6 5. Bf4 0-0 6. e3 b6 7. Rc1 c6 8. a3 Ba6 9. cxd5 Bxf1 10. dxc6 Bxg2 11. c7 Qd7 12. cxb8Q Raxb8 13. Rg1 Bxf3 14. Qxf3 Rbc8 15. Be5 Ne8 16. d5 f6 17. dxe6 Qxe6 18. Bd4 Nd6 19. Rd1 Rfd8 20. Qd5 Qf7 21. Qxf7+ Kxf7 22. Nd5 Bf8 23. Ke2 Rc2+ 24. Kf3 Nb5 25. Bc3 Nxc3 26. Nxc3 Rxd1 27. Nxd1 Bd6 28. h3 Be5 29. b3 g6 30. Ke4 Rc1 31. Kd3 f5 32. Kd2 Ra1 33. a4 Bf6 34. Re1 Ke6 35. Re2 h5 36. f3 Be7 37. e4 Bg5+ 38. Ne3 fxe4 39. fxe4 Ra2+ 40. Kd3 Rxe2 41. Kxe2 Bxe3 42. Kxe3 g5 43. Kd4 a5 44. Kd3 Ke5 45. Ke3 g4 46. h4 g3 47. Kf3 g2 48. Kxg2 Kxe4 49. Kg3 Ke3 50. Kg2 Kf4 0-1

[Event "BL2-West 1819"]
[Site "Germany"]
[Date "2018.10.21"]
[Round "1.6"]
[White "Haubt, Georg"]
[Black "Jellinghaus, Lars"]
[Result "0-1"]
[WhiteElo "2153"]
[BlackElo "2208"]
[PlyCount "86"]
[EventDate "2018.11.21"]
[EventType "team-tourn"]
[EventRounds "9"]
[EventCountry "GER"]
[SourceTitle "CBM 190 Extra"]
[Source "ChessBase"]
[SourceDate "2019.07.15"]
[SourceVersion "1"]
[SourceVersionDate "2019.07.15"]
[SourceQuality "1"]
[WhiteTeam "Oberursel"]
[BlackTeam "Bochum SV"]
[WhiteTeamCountry "GER"]
[BlackTeamCountry "GER"]

1. d4 e6 2. Nf3 d5 3. Bf4 Bd6 4. Bg3 Nf6 5. e3 b6 6. Nbd2 Bb7 7. Bd3 c5 8. c3 0-0 9. 0-0 Nc6 10. Ne5 Ne7 11. Bh4 Ng6 12. Nxg6 hxg6 13. f4 Qc7 14. Qb1 a6 15. Rf3 Bc6 16. Rh3 Bb5 17. Bxb5 axb5 18. Qe1 Nd7 19. Nf3 f6 20. Qb1 Rf7 21. Qxg6 Nf8 22. Qd3 b4 23. cxb4 cxb4 24. Be1 Qc4 25. Qxc4 dxc4 26. Nd2 Rc7 27. Ne4 Be7 28. Rf3 Rca7 29. Rf2 Rxa2 30. Rxa2 Rxa2 31. g4 Nd7 32. f5 Kf7 33. Rd2 exf5 34. gxf5 Ra5 35. Rc2 Ra1 36. Kf2 b5 37. Ke2 b3 38. Rd2 b4 39. Bg3 Nb6 40. Nd6+ Bxd6 41. Bxd6 c3 42. bxc3 bxc3 43. Rd1 b2 0-1

[Event "Oberliga NRW 1718"]
[Site "Germany"]
[Date "2017.10.15"]
[Round "2.7"]
[White "Ciornei, Dragos"]
[Black "Jellinghaus, Lars"]
[Result "1/2-1/2"]
[WhiteElo "2050"]
[BlackElo "2109"]
[PlyCount "52"]
[EventDate "2017.09.17"]
[EventType "team-tourn"]
[EventRounds "9"]
[EventCountry "GER"]
[SourceTitle "EXT 2019"]
[Source "ChessBase"]
[SourceDate "2018.10.10"]
[SourceVersion "1"]
[SourceVersionDate "2018.10.10"]
[SourceQuality "1"]
[WhiteTeam "Oberhausen"]
[BlackTeam "Bochum SV"]
[WhiteTeamCountry "GER"]
[BlackTeamCountry "GER"]

1. e4 e6 2. d4 d5 3. Nd2 c5 4. Ngf3 Nc6 5. exd5 exd5 6. Bb5 cxd4 7. 0-0 Bd6 8. Re1+ Nge7 9. Nb3 0-0 10. Nbxd4 Bg4 11. Be2 a6 12. c3 Qc7 13. h3 Bh5 14. Nh4 Bxe2 15. Rxe2 Rfe8 16. Nhf5 Nxf5 17. Nxf5 Bc5 18. Be3 Qe5 19. Ng3 Bxe3 20. Rxe3 Qg5 21. Rxe8+ Rxe8 22. Qg4 Qxg4 23. hxg4 Ne5 24. f3 Nd3 25. b3 Nf4 26. Rd1 g6 1/2-1/2

[Event "Ruhrgebiet Regionalliga 1516"]
[Site "Germany"]
[Date "2016.04.10"]
[Round "8.7"]
[White "Strathoff, Martin"]
[Black "Jellinghaus, Lars"]
[Result "0-1"]
[WhiteElo "2038"]
[BlackElo "2079"]
[PlyCount "76"]
[EventDate "2015.09.13"]
[EventType "team-tourn"]
[EventRounds "9"]
[EventCountry "GER"]
[SourceTitle "EXT 2022"]
[Source "ChessBase"]
[SourceDate "2021.10.06"]
[SourceVersion "1"]
[SourceVersionDate "2021.10.06"]
[SourceQuality "1"]
[WhiteTeam "Brackel SF"]
[BlackTeam "Bochum SV"]
[WhiteTeamCountry "GER"]
[BlackTeamCountry "GER"]

1. d4 e6 2. c4 d5 3. Nc3 Be7 4. cxd5 exd5 5. Nf3 c6 6. Qc2 g6 7. Bf4 Bf5 8. Qb3 Qb6 9. Qxb6 axb6 10. e3 Nd7 11. h3 h5 12. Be2 b5 13. 0-0 b4 14. Nb1 Ngf6 15. Nbd2 0-0 16. Rfc1 Nb6 17. Nh4 Be6 18. Bg5 Kg7 19. Bd3 Bd6 20. Bf4 Bxf4 21. exf4 Bc8 22. b3 Ne8 23. Ndf3 Nd6 24. Ne5 Nd7 25. f3 Rh8 26. Re1 Nf8 27. Kh2 Ne6 28. Nexg6 fxg6 29. Nxg6 Re8 30. Re5 Nxd4 31. Rxh5 Bf5 32. Bxf5 N6xf5 33. Ne5 Kf6 34. Re1 Rxe5 35. fxe5+ Kg6 36. Rd1 Kxh5 37. g4+ Kg5 38. gxf5 Rxa2+ 0-1

[Event "Ruhrgebiet Regionalliga 1516"]
[Site "Germany"]
[Date "2015.12.06"]
[Round "4.7"]
[White "Boehmfeldt, Rolf"]
[Black "Jellinghaus, Lars"]
[Result "0-1"]
[WhiteElo "1909"]
[BlackElo "2079"]
[PlyCount "56"]
[EventDate "2015.09.13"]
[EventType "team-tourn"]
[EventRounds "9"]
[EventCountry "GER"]
[SourceTitle "EXT 2022"]
[Source "ChessBase"]
[SourceDate "2021.10.06"]
[SourceVersion "1"]
[SourceVersionDate "2021.10.06"]
[SourceQuality "1"]
[WhiteTeam "Wattenscheid SV II"]
[BlackTeam "Bochum SV"]
[WhiteTeamCountry "GE2"]
[BlackTeamCountry "GER"]

1. Nf3 d5 2. e3 Nf6 3. b3 e6 4. Bb2 Be7 5. Be2 0-0 6. 0-0 c5 7. d4 b6 8. Nbd2 Bb7 9. Ne5 Nbd7 10. c4 Rc8 11. Rc1 Rc7 12. Ndf3 Ne4 13. Nxd7 Qxd7 14. Ne5 Qc8 15. cxd5 exd5 16. dxc5 bxc5 17. Bd3 f5 18. Qe2 Qe6 19. Rfd1 Bd6 20. Nf3 Re7 21. g3 Qh6 22. Rc2 Re6 23. Qf1 Qh5 24. Be2 Rh6 25. Nh4 Qe8 26. Ng2 Ng5 27. Nh4 d4 28. exd4 Qe4 0-1

[Event "Ruhrgebiet Regionalliga 1415"]
[Site "Germany"]
[Date "2015.03.15"]
[Round "7.6"]
[White "Matzat, Andre"]
[Black "Jellinghaus, Lars"]
[Result "1-0"]
[WhiteElo "2010"]
[BlackElo "2067"]
[PlyCount "114"]
[EventDate "2014.09.28"]
[EventType "team-tourn"]
[EventRounds "9"]
[EventCountry "GER"]
[SourceTitle "EXT 2022"]
[Source "ChessBase"]
[SourceDate "2021.10.06"]
[SourceVersion "1"]
[SourceVersionDate "2021.10.06"]
[SourceQuality "1"]
[WhiteTeam "Borbeck Weisse Dame"]
[BlackTeam "Bochum SV II"]
[WhiteTeamCountry "GER"]
[BlackTeamCountry "GER"]

1. d4 e6 2. Bf4 Nf6 3. e3 c5 4. c3 b6 5. Nf3 Bb7 6. Bd3 Be7 7. h3 0-0 8. 0-0 d6 9. Qe2 Nc6 10. Nbd2 Re8 11. e4 Qc7 12. a3 g6 13. Rad1 cxd4 14. cxd4 Bf8 15. Rfe1 Nh5 16. Bh2 Bh6 17. e5 d5 18. Nf1 Nf4 19. Bxf4 Bxf4 20. Ne3 h5 21. g4 Qe7 22. gxh5 Kg7 23. Ng2 Bh6 24. hxg6 fxg6 25. Bb1 Qf7 26. Nfh4 Ne7 27. Qg4 Nf5 28. Rd3 Kh7 29. Rf3 Rac8 30. Ne3 Rg8 31. Bd3 Qe7 32. Nhg2 Rcf8 33. Kh1 Rc8 34. Rg1 Rcf8 35. h4 Bc8 36. Rh3 Bd7 37. h5 Be8 38. hxg6+ Bxg6 39. Nf4 Qf7 40. Rg2 Rg7 41. Qg5 Kg8 42. Rxh6 Nxh6 43. Nxg6 Re8 44. Qxh6 Qf3 45. Qxg7+ Kxg7 46. Nh4+ Qxg2+ 47. Nhxg2 Rc8 48. Nf4 Kf7 49. Kg2 Rc1 50. Kf3 Ra1 51. Ke2 Rg1 52. Ba6 Rg8 53. Bb7 Rb8 54. Bc6 Ke7 55. Nfxd5+ exd5 56. Bxd5 Rf8 57. Bc4 Rf4 1-0

[Event "Ruhrgebiet Regionalliga 1415"]
[Site "Germany"]
[Date "2015.02.22"]
[Round "6.6"]
[White "Jellinghaus, Lars"]
[Black "Schmidt, Ingo"]
[Result "1-0"]
[WhiteElo "2067"]
[BlackElo "1974"]
[PlyCount "113"]
[EventDate "2014.09.28"]
[EventType "team-tourn"]
[EventRounds "9"]
[EventCountry "GER"]
[SourceTitle "EXT 2022"]
[Source "ChessBase"]
[SourceDate "2021.10.06"]
[SourceVersion "1"]
[SourceVersionDate "2021.10.06"]
[SourceQuality "1"]
[WhiteTeam "Bochum SV II"]
[BlackTeam "Hamm Koenigsspringer"]
[WhiteTeamCountry "GER"]
[BlackTeamCountry "GER"]

1. d4 d5 2. c4 c6 3. Nf3 Nf6 4. Nc3 e6 5. cxd5 exd5 6. Bg5 h6 7. Bh4 g5 8. Bg3 Ne4 9. e3 Qb6 10. Nxe4 dxe4 11. Nd2 Bb4 12. Bc4 Qa5 13. Rc1 h5 14. Rc2 Rh6 15. 0-0 Bg4 16. f3 Bxd2 17. Qxd2 Qxd2 18. Rxd2 exf3 19. gxf3 Bh3 20. Rc1 h4 21. Bf2 Nd7 22. e4 Rd8 23. Be3 f6 24. Kf2 Rg6 25. b4 f5 26. Rg1 Nb6 27. Bb3 Kd7 28. Rxg5 Rxg5 29. Bxg5 Rf8 30. Ke3 fxe4 31. fxe4 Rf1 32. Rf2 Re1+ 33. Kf4 Bf1 34. Rf3 Bg2 35. Bxh4 Bxf3 36. Bxe1 Be2 37. Kf5 Nc4 38. Bg3 Ne3+ 39. Kf6 Bf3 40. Be6+ Ke8 41. Ke5 Nc2 42. b5 Nb4 43. Kf4 Be2 44. bxc6 bxc6 45. Bh4 Bd3 46. Bf6 Bb1 47. a3 Nd3+ 48. Ke3 Ne1 49. d5 Ba2 50. Kd4 Nf3+ 51. Kc5 Nd2 52. Bf5 Bb1 53. Bg6+ Kf8 54. d6 Nb3+ 55. Kxc6 Bd3 56. d7 Bb5+ 57. Kxb5 1-0

[Event "Ruhrgebiet Regionalliga 1415"]
[Site "Germany"]
[Date "2014.11.23"]
[Round "3.7"]
[White "Jellinghaus, Lars"]
[Black "Boehm, Malte"]
[Result "1/2-1/2"]
[WhiteElo "2067"]
[BlackElo "1999"]
[PlyCount "87"]
[EventDate "2014.09.28"]
[EventType "team-tourn"]
[EventRounds "9"]
[EventCountry "GER"]
[SourceTitle "EXT 2022"]
[Source "ChessBase"]
[SourceDate "2021.10.06"]
[SourceVersion "1"]
[SourceVersionDate "2021.10.06"]
[SourceQuality "1"]
[WhiteTeam "Bochum SV II"]
[BlackTeam "Brackel SF"]
[WhiteTeamCountry "GER"]
[BlackTeamCountry "GER"]

1. d4 Nf6 2. c4 g6 3. Nc3 Bg7 4. e4 d6 5. Nf3 0-0 6. Be2 e5 7. 0-0 Nc6 8. d5 Ne7 9. Ne1 Ne8 10. Nd3 f5 11. Bd2 Rf7 12. Rc1 Bf8 13. f4 Bg7 14. fxe5 dxe5 15. exf5 Nxf5 16. Ne4 h6 17. Ndf2 Ned6 18. Bd3 Bd7 19. c5 Nxe4 20. Nxe4 Qe8 21. Rf2 Bb5 22. Qf1 a6 23. Nc3 Bxd3 24. Qxd3 e4 25. Nxe4 Bd4 26. Rcf1 Qb5 27. Qxd4 Nxd4 28. Rxf7 Qd3 29. Re7 Nf5 30. Re6 Ng7 31. Re7 Rf8 32. Re1 Nf5 33. Rxc7 Nd4 34. Re7 Nc2 35. Rc1 Qd4+ 36. Kh1 Qd3 37. h3 Rf1+ 38. Rxf1 Qxf1+ 39. Kh2 Nd4 40. Ng3 Qf8 41. d6 Qf2 42. Re8+ Kg7 43. Re7+ Kg8 44. Re8+ 1/2-1/2

[Event "Ruhrgebiet Verbandsliga1 1213"]
[Site "Nordrheinwestfalen"]
[Date "2013.04.07"]
[Round "8"]
[White "Jellinghaus, Lars"]
[Black "Mallee, Ralph"]
[Result "0-1"]
[WhiteElo "2024"]
[BlackElo "2104"]
[PlyCount "120"]
[EventDate "2012.09.02"]
[EventType "team-tourn"]
[EventRounds "9"]
[EventCountry "GER"]
[SourceTitle "EXT 2020"]
[Source "ChessBase"]
[SourceDate "2019.10.17"]
[SourceVersion "1"]
[SourceVersionDate "2019.10.17"]
[SourceQuality "1"]
[WhiteTeam "Bochum-Linden-Dahlhausen"]
[BlackTeam "Dortmund SV"]
[WhiteTeamCountry "GER"]
[BlackTeamCountry "GER"]

1. d4 Nf6 2. c4 g6 3. Nc3 d5 4. Nf3 Bg7 5. Bf4 0-0 6. e3 c5 7. dxc5 Qa5 8. Be2 dxc4 9. Bxc4 Nc6 10. 0-0 Qxc5 11. Bb3 Bf5 12. Qe2 e5 13. Bg3 Rad8 14. Rfd1 Bg4 15. Bh4 Qa5 16. h3 Rxd1+ 17. Rxd1 Bxf3 18. Qxf3 e4 19. Nxe4 Nxe4 20. Qxe4 Bxb2 21. Rd7 Qe1+ 22. Kh2 Be5+ 23. Bg3 Bxg3+ 24. Kxg3 Nd8 25. Qd4 Qa5 26. Qf6 Qb6 27. Qxb6 axb6 28. f4 h6 29. Kf3 Re8 30. e4 Ne6 31. Ke3 Rc8 32. Bxe6 fxe6 33. Kd4 Rc5 34. Rxb7 g5 35. g3 gxf4 36. gxf4 Ra5 37. Rxb6 Kf7 38. Rb7+ Kf6 39. e5+ Kg6 40. Re7 Ra6 41. Ke4 Ra4+ 42. Kf3 Ra3+ 43. Kg4 h5+ 44. Kh4 Kf5 45. Rf7+ Ke4 46. Kxh5 Rxh3+ 47. Kg5 Ra3 48. Kf6 Kxf4 49. Kxe6+ Ke4 50. Re7 Rxa2 51. Kf7 Kd5 52. Re6 Ra8 53. Re7 Ra3 54. e6 Rf3+ 55. Ke8 Ra3 56. Kf8 Kd6 57. Ke8 Ra1 58. Kf8 Ra2 59. Re8 Rf2+ 60. Kg7 Re2 0-1

[Event "Ruhrgebiet Verbandsliga1 1213"]
[Site "Nordrheinwestfalen"]
[Date "2013.02.03"]
[Round "6.2"]
[White "Jellinghaus, Lars"]
[Black "Raygrotzki, Norbert"]
[Result "1-0"]
[WhiteElo "2024"]
[BlackElo "1836"]
[PlyCount "119"]
[EventDate "2012.09.02"]
[EventType "team-tourn"]
[EventRounds "9"]
[EventCountry "GER"]
[SourceTitle "EXT 2020"]
[Source "ChessBase"]
[SourceDate "2019.10.17"]
[SourceVersion "1"]
[SourceVersionDate "2019.10.17"]
[SourceQuality "1"]
[WhiteTeam "Bochum-Linden-Dahlhausen"]
[BlackTeam "Oberhausen SV III"]
[WhiteTeamCountry "GER"]
[BlackTeamCountry "GER"]

1. d4 d6 2. c4 e5 3. dxe5 dxe5 4. Qxd8+ Kxd8 5. Nc3 Be6 6. e3 Nd7 7. Bd2 c6 8. 0-0-0 Nh6 9. Nf3 f6 10. Ne4 Kc7 11. Bc3 a5 12. Be2 Nf7 13. Rhg1 Nd6 14. Nfd2 Nxe4 15. Nxe4 Nc5 16. Nxc5 Bxc5 17. b3 Rhd8 18. Rxd8 Kxd8 19. g4 Bb4 20. Bb2 a4 21. a3 Be7 22. b4 g5 23. h4 h6 24. hxg5 hxg5 25. Rh1 Kd7 26. Rh7 Rf8 27. f3 Rf7 28. Rxf7 Bxf7 29. Kc2 Bg6+ 30. Kc3 b6 31. Bc1 Bd6 32. b5 cxb5 33. cxb5 Bc5 34. Bd1 e4 35. f4 gxf4 36. exf4 e3 37. Be2 Be4 38. Kc4 Ke6 39. Bb2 Bd5+ 40. Kd3 Bb3 41. f5+ Ke7 42. Ke4 Bc2+ 43. Kf4 Bb3 44. Ke4 Bc2+ 45. Kf4 Bb3 46. g5 fxg5+ 47. Kxg5 Kf7 48. Kf4 Bc2 49. Ke5 Bb3 50. Bc1 Ba2 51. Kf4 Bd5 52. Bxe3 Bxa3 53. Ke5 Bb3 54. Bxb6 Bb2+ 55. Bd4 a3 56. Bxb2 axb2 57. Bd3 Bd1 58. b6 Bf3 59. Kd6 Kf6 60. Kc7 1-0

[Event "Ruhrgebiet Verbandsliga1 1112"]
[Site "Nordrheinwestfalen"]
[Date "2012.01.08"]
[Round "5.3"]
[White "Meyer, Ralph"]
[Black "Jellinghaus, Lars"]
[Result "0-1"]
[WhiteElo "2065"]
[BlackElo "2078"]
[PlyCount "60"]
[EventDate "2012.09.18"]
[EventType "team-tourn"]
[EventRounds "9"]
[EventCountry "GER"]
[SourceTitle "EXT 2020"]
[Source "ChessBase"]
[SourceDate "2019.10.17"]
[SourceVersion "1"]
[SourceVersionDate "2019.10.17"]
[SourceQuality "1"]
[WhiteTeam "Essen Ueberruhr"]
[BlackTeam "Bochum-Linden-Dahlhausen"]
[WhiteTeamCountry "GER"]
[BlackTeamCountry "GER"]

1. e4 e6 2. d4 d5 3. Nc3 Nf6 4. Bg5 Be7 5. e5 Nfd7 6. h4 Bxg5 7. hxg5 Qxg5 8. Nh3 Qe7 9. Qg4 g6 10. Ng5 h5 11. Qf4 Nc6 12. 0-0-0 Nb6 13. g4 h4 14. Nf3 Bd7 15. g5 0-0-0 16. Rxh4 Na5 17. Be2 Nac4 18. a3 Rxh4 19. Qxh4 c5 20. Rh1 Kb8 21. Qf4 Be8 22. Rh8 Rc8 23. Bd3 Qc7 24. Ne2 Nxb2 25. Kxb2 c4 26. Bxg6 c3+ 27. Kc1 fxg6 28. Kd1 Qc4 29. Qf8 Bb5 30. Qd6+ Ka8 0-1

[Event "Ruhrgebiet Verbandsliga1 1011"]
[Site "Nordrheinwestfalen"]
[Date "2011.02.27"]
[Round "7.3"]
[White "Nautsch, Werner"]
[Black "Jellinghaus, Lars"]
[Result "1/2-1/2"]
[WhiteElo "2128"]
[BlackElo "2084"]
[PlyCount "85"]
[EventDate "2011.09.12"]
[EventType "team-tourn"]
[EventRounds "9"]
[EventCountry "GER"]
[SourceTitle "EXT 2020"]
[Source "ChessBase"]
[SourceDate "2019.10.17"]
[SourceVersion "1"]
[SourceVersionDate "2019.10.17"]
[SourceQuality "1"]
[WhiteTeam "Katernberg SF III"]
[BlackTeam "Bochum-Linden-Dahlhausen"]
[WhiteTeamCountry "GER"]
[BlackTeamCountry "GER"]

1. d4 e6 2. c4 b6 3. Nc3 Bb7 4. e4 Bb4 5. Bd3 f5 6. Qc2 Nf6 7. Bg5 fxe4 8. Bf1 0-0 9. 0-0-0 Bxc3 10. Qxc3 d6 11. Qh3 Qe8 12. Ne2 e5 13. d5 Nbd7 14. Nc3 Qg6 15. Qe6+ Rf7 16. Be3 Nc5 17. Qh3 Nh5 18. Bxc5 bxc5 19. Qe3 Nf6 20. h3 h6 21. Be2 Bc8 22. g4 Bd7 23. Rde1 Qg5 24. Qxg5 hxg5 25. Bd1 Rff8 26. Bc2 Be8 27. Re3 Bg6 28. Rhe1 Kh7 29. R1e2 Rf7 30. Ba4 Raf8 31. Nd1 Re7 32. Bc2 Ng8 33. Ra3 Ra8 34. Ra6 Nf6 35. Ba4 Be8 36. Bc2 Bg6 37. Re3 Nd7 38. Kd2 Nb6 39. Kc3 Rf7 40. a4 Rf3 41. a5 Nd7 42. Ba4 Nb8 43. Bc6 1/2-1/2

[Event "Ruhrgebiet Verbandsliga1 1011"]
[Site "Nordrheinwestfalen"]
[Date "2010.10.24"]
[Round "2.3"]
[White "Jellinghaus, Lars"]
[Black "Zimmermann, Dirk"]
[Result "1/2-1/2"]
[WhiteElo "2084"]
[BlackElo "1955"]
[PlyCount "62"]
[EventDate "2011.09.12"]
[EventType "team-tourn"]
[EventRounds "9"]
[EventCountry "GER"]
[SourceTitle "EXT 2020"]
[Source "ChessBase"]
[SourceDate "2019.10.17"]
[SourceVersion "1"]
[SourceVersionDate "2019.10.17"]
[SourceQuality "1"]
[WhiteTeam "Bochum-Linden-Dahlhausen"]
[BlackTeam "Doppelbauer Brambauer"]
[WhiteTeamCountry "GER"]
[BlackTeamCountry "GER"]

1. d4 c5 2. d5 d6 3. e4 g6 4. Nf3 Bg7 5. Nc3 Nf6 6. Be2 0-0 7. 0-0 Na6 8. h3 Nc7 9. a4 Rb8 10. Bf4 Nd7 11. Qd2 b6 12. Rfe1 a6 13. Bf1 b5 14. axb5 axb5 15. e5 dxe5 16. Nxe5 Nxe5 17. Bxe5 Bxe5 18. Rxe5 Qd6 19. Ree1 Bf5 20. Rad1 Rfd8 21. g4 b4 22. Na4 Bd7 23. b3 Bxa4 24. bxa4 e6 25. c4 bxc3 26. Qxc3 exd5 27. Qe5 Qxe5 28. Rxe5 Re8 29. Rxe8+ Rxe8 30. Bg2 Ra8 31. Bxd5 Nxd5 1/2-1/2

[Event "Ruhrgebiet VL2 0910"]
[Site "Germany"]
[Date "2009.10.04"]
[Round "2.3"]
[White "Hemmert, Burghard"]
[Black "Jellinghaus, Lars"]
[Result "0-1"]
[WhiteElo "2002"]
[BlackElo "2203"]
[PlyCount "82"]
[EventDate "2009.09.06"]
[EventType "team-tourn"]
[EventRounds "9"]
[EventCountry "GER"]
[SourceTitle "EXT 2011"]
[Source "ChessBase"]
[SourceDate "2010.11.26"]
[SourceVersion "1"]
[SourceVersionDate "2010.11.26"]
[SourceQuality "1"]
[WhiteTeam "Oberhausen II"]
[BlackTeam "Linden"]
[WhiteTeamCountry "GER"]
[BlackTeamCountry "GER"]

1. e3 e6 2. Nf3 Nf6 3. Be2 Be7 4. 0-0 0-0 5. c4 d5 6. b3 c5 7. Bb2 Nc6 8. cxd5 Nxd5 9. Nc3 b6 10. a3 Bb7 11. Qc2 Rc8 12. Rac1 Qd7 13. Rfd1 Rfd8 14. Nxd5 Qxd5 15. Bc4 Qh5 16. Be2 Qg6 17. Qxg6 hxg6 18. Bc3 a5 19. a4 Bf6 20. Bb5 Na7 21. Be2 Nc6 22. Bb5 Rd6 23. Kf1 Rcd8 24. Ke2 Na7 25. Ne5 Nxb5 26. axb5 Bxe5 27. Bxe5 R6d7 28. d4 f6 29. Bg3 Bxg2 30. dxc5 Bf3+ 31. Kxf3 Rxd1 32. Rxd1 Rxd1 33. cxb6 e5 34. Ke4 Rd6 35. b7 Rb6 36. Kd5 Rxb5+ 37. Kc6 Rxb3 38. f4 a4 39. fxe5 a3 40. exf6 gxf6 41. Bc7 Rxb7 0-1

[Event "Ruhrgebiet VL2 0910"]
[Site "Germany"]
[Date "2009.09.06"]
[Round "1.3"]
[White "Jellinghaus, Lars"]
[Black "Schlaap, Ralf"]
[Result "0-1"]
[WhiteElo "2203"]
[BlackElo "2229"]
[PlyCount "50"]
[EventDate "2009.09.06"]
[EventType "team-tourn"]
[EventRounds "9"]
[EventCountry "GER"]
[SourceTitle "EXT 2011"]
[Source "ChessBase"]
[SourceDate "2010.11.26"]
[SourceVersion "1"]
[SourceVersionDate "2010.11.26"]
[SourceQuality "1"]
[WhiteTeam "Linden"]
[BlackTeam "Hamm SVg"]
[WhiteTeamCountry "GER"]
[BlackTeamCountry "GER"]

1. d4 Nf6 2. c4 e6 3. Nf3 Bb4+ 4. Nbd2 d5 5. e3 0-0 6. Bd3 b6 7. 0-0 Bb7 8. Qe2 Nbd7 9. a3 Be7 10. b4 c5 11. dxc5 bxc5 12. b5 a6 13. cxd5 exd5 14. bxa6 Bc8 15. Bb5 Qb6 16. Rb1 Bxa6 17. a4 Bxb5 18. axb5 Ra2 19. Qd3 Qb7 20. Bb2 Rfa8 21. Rfd1 R8a5 22. Bxf6 Nxf6 23. Ne5 c4 24. Qf5 g6 25. Qf3 c3 0-1